Estructura de la comunidad Aviaria en un guadual (<Bambusa guadua>) en el municipio de Jamundí, Valle, Colombia (Registro nro. 15053)
[ vista simple ]
| 000 -CABECERA | |
|---|---|
| Campo de control | 003570000a22001090004500 |
| 090 ## - CLASIFICACIÓN LOCAL | |
| Colección | AS |
| Consecutivo | Seriadas |
| 041 0# - IDIOMA | |
| Código de idioma para texto/pista de sonido o título separado | |
| 100 1# - ASIENTO PRINCIPAL--NOMBRE PERSONAL | |
| Nombre personal | Orejuela, Jorge |
| 245 10 - MENCION DE TITULO | |
| Título | Estructura de la comunidad Aviaria en un guadual (<Bambusa guadua>) en el municipio de Jamundí, Valle, Colombia |
| 773 1# - Item fuente: | |
| Título | Cespedesia |
| Especificación de materiales | 124 |
| Descripción física | 29-30 |
| Paginas del Articulo | 43-58 |
| Lugar, editorial y fecha de publicación | 1979 |
| Información sobre la relación | 8 |
| 942 ## - ELEMENTOS ADICIONALES (KOHA) | |
| Tipo de ítem | Artículo |
No hay ítems disponibles.